000 00868nam a2200253Ia 4500
003 OSt
005 20221005112214.0
006 a|||||r|||| 00| 0
007 ta
008 221004b |||||||| |||| 00| 0 pan d
020 _a9788171436385 (hbk)
_cINR 250.00
024 _a39147
037 _b234, 17/03/2018, National Book Shop
_cTextual
040 _aCRL
_cCRL
_bpan
041 _2pan
_apan
082 _aO153:g, Q6
100 _aਸਿੰਘ, ਮਹਿਲ, ਥਦ.
245 0 _aਸਾਹਿਤ ਦੇ ਰੰਗ
260 _aਅੰਮ੍ਰਿਤਸਰ
_bਰਵੀ ਸਾਹਿਤ ਪ੍ਰਕਾFਨ ਭਾਰਤ
_c2016
300 _a239ਪ0
_ccm.
650 _aਪੰਜਾਬੀ ਸਾਹਿਤ
942 _hO153:g, Q6
_cTEXL
_2cc
999 _c1024186
_d1024186